Spomienka na prof. Michala Lacka, S.J

Bibliographic Details
Main Author: Keruľová, Anna (Author)
Format: Article
Language:Slovak
Subjects:

MARC

LEADER 00000nab a2200000 a 4500
001 vtls000915164
003 SK-MaSNL
005 20260304000500.0
008 140301e19920000xo 0 slo
035 |a KE24051 
040 |a KEVKJB  |b slo  |c KEVKJB  |e AACR2 
041 0 |a slo 
044 |a xo  |c SK 
080 |a 281.94  |2 1981 
080 |a 061.3/.4  |2 1981 
100 1 |a Keruľová, Anna  |4 aut  |9 275167 
245 1 0 |a Spomienka na prof. Michala Lacka, S.J 
600 1 7 |a Lacko, Michal,  |d 1920-1982  |2 KEVKJB  |9 142444 
650 0 7 |a marec 1992  |2 KEVKJB  |9 883426 
650 0 7 |a konferencie  |2 KEVKJB  |9 19221 
650 0 7 |a spomienkové podujatia  |2 KEVKJB  |9 120764 
651 7 |a Košice (Slovensko)  |2 KEVKJB  |9 18694 
773 0 8 |t Knižnice a vedecké informácie  |g Roč. 24, č.89 (1992), s. 405-406 
852 |a ZVYKNI  |b KIS3GCP 
999 |c 2531521  |d 2533451